000 01314cam a22004097a 4500
003 CHAP
005 20220817043141.0
008 971013s1986 r 00010 d
010 _a66874
011 _a67846
035 _a77318
040 _cCHAP
082 _a639.2
_bF42Y v.4
110 _aFAO
245 0 _aTaller internacional sobre ecología y manejo de peces en lagos y embalses
260 _aRoma :
_bFAO,
_c1986
300 _a237 p.
_b: ilus. ; gráfs.
410 _aFAO
490 0 _aCOPESCAL. Documento técnico
_v; 4
590 _aBATCH-UPD
_b10
_c20130110
_lUCH01
_h0421
590 _aBATCH-UPD
_b10
_c20130110
_lUCH01
_h2236
590 _aBATCH-UPD
_b10
_c20130410
_lUCH01
_h0056
590 _aBATCH-UPD
_b10
_c20130410
_lUCH01
_h1531
590 _aBATCH-UPD
_b10
_c20130914
_lUCH01
_h1248
590 _aCONVERSION
_b10
_c20130109
_lUCH01
_h1337
650 1 4 _aEcología marina.
_935183
650 1 4 _aLagos.
_964422
650 1 4 _aPiscicultura.
_988531
700 0 _aFagetti, Elda.
_939318
700 0 _aVilla, Irma.
_9119382
810 0 _aFAO
830 0 0 _aCOPESCAL. Documento técnico
_v; 4
_927878
901 _aBK
942 _cLIBRO
949 _a639.2 F42Y v.4
_bBC
_cFAO
_d33724000722229
_eFAO1
_h69759
_i77318
_sb
949 _a639.2 F42Y v.4
_bBC
_cFAO
_d33724000722237
_eFAO2
_fc.2
_h70969
_i77318
_sb
999 _c66874
_d66874